Előszó
Elmentve itt :
| Szerző: | |
|---|---|
| Testületi szerző: | |
| Dokumentumtípus: | Könyv része |
| Megjelent: |
2016
|
| Sorozat: | A vallási kultúrakutatás könyvei
"A királyhűség jól bevált útján...": rendi és nemzeti kötődések szimbolikus változásai 1867 és 1918 között |
| Kulcsszavak: | Családtörténet - Habsburg-ház - előszó, Világháború - 1. - Osztrák-Magyar Monarchia - előszó, Társadalmi tudat - Magyarország - előszó, Magyarország története - 1867-1918 - előszó |
| Tárgyszavak: | |
| Online Access: | http://acta.bibl.u-szeged.hu/67404 |
| LEADER | 01206naa a2200241 i 4500 | ||
|---|---|---|---|
| 001 | acta67404 | ||
| 005 | 20211001140924.0 | ||
| 008 | 200513s2016 hu o 0|| hun d | ||
| 020 | |a 978-963-306-491-7 | ||
| 022 | |a 2064-4825 | ||
| 040 | |a SZTE Egyetemi Kiadványok Repozitórium |b hun | ||
| 041 | |a hun | ||
| 100 | 1 | |a Habsburg György | |
| 245 | 1 | 0 | |a Előszó |h [elektronikus dokumentum] / |c Habsburg György |
| 260 | |c 2016 | ||
| 300 | |a 11-13 | ||
| 490 | 0 | |a A vallási kultúrakutatás könyvei | |
| 490 | 0 | |a "A királyhűség jól bevált útján...": rendi és nemzeti kötődések szimbolikus változásai 1867 és 1918 között | |
| 650 | 4 | |a Bölcsészettudományok | |
| 650 | 4 | |a Történettudomány és régészet | |
| 695 | |a Családtörténet - Habsburg-ház - előszó, Világháború - 1. - Osztrák-Magyar Monarchia - előszó, Társadalmi tudat - Magyarország - előszó, Magyarország története - 1867-1918 - előszó | ||
| 710 | |a „A királyhűség jól bevált útján...” Rendi és nemzeti kötődések szimbolikus változásai 1867 és 1918 között (2014) (Szeged) | ||
| 856 | 4 | 0 | |u http://acta.bibl.u-szeged.hu/67404/1/vallasi_kulturakutatas_konyvei_025_011-013.pdf |z Dokumentum-elérés |